Precálculo, 2nd Edition (Registro nro. 229127)
[ vista simple ]
| 000 -LEADER | |
|---|---|
| fixed length control field | 01225nam#a2200265 4500 |
| 001 - CONTROL NUMBER | |
| control field | 9781456299231 |
| 003 - CONTROL NUMBER IDENTIFIER | |
| control field | VST |
| 005 - DATE AND TIME OF LATEST TRANSACTION | |
| control field | 20250425090632.0 |
| 006 - FIXED-LENGTH DATA ELEMENTS--ADDITIONAL MATERIAL CHARACTERISTICS | |
| fixed length control field | m o d |
| 007 - PHYSICAL DESCRIPTION FIXED FIELD--GENERAL INFORMATION | |
| fixed length control field | cr#un#---uucau |
| 008 - FIXED-LENGTH DATA ELEMENTS--GENERAL INFORMATION | |
| fixed length control field | 240819s2024 MEX d |
| 020 ## - INTERNATIONAL STANDARD BOOK NUMBER | |
| International Standard Book Number | 9781456299231 |
| 040 ## - CATALOGING SOURCE | |
| Original cataloging agency | VST |
| Transcribing agency | VST |
| Modifying agency | VST |
| 100 1# - MAIN ENTRY--PERSONAL NAME | |
| Personal name | Julie Miller, Donna Gerken |
| Relator term | author |
| 245 10 - TITLE STATEMENT | |
| Title | Precálculo, 2nd Edition |
| 250 ## - EDITION STATEMENT | |
| Edition statement | second edition |
| 260 ## - PUBLICATION, DISTRIBUTION, ETC. | |
| Place of publication, distribution, etc. | Mexico : |
| 264 #1 - PRODUCTION, PUBLICATION, DISTRIBUTION, MANUFACTURE, AND COPYRIGHT NOTICE | |
| Place of production, publication, distribution, manufacture | Mexico : |
| Name of producer, publisher, distributor, manufacturer | McGraw-Hill Interamericana, |
| Date of production, publication, distribution, manufacture, or copyright notice | 2024 |
| 300 ## - PHYSICAL DESCRIPTION | |
| Extent | 1 online resource |
| 336 ## - CONTENT TYPE | |
| Content type term | text |
| Content type code | txt |
| Source | rdacontent |
| 337 ## - MEDIA TYPE | |
| Media type term | computer |
| Media type code | c |
| Source | rdamedia |
| 520 ## - SUMMARY, ETC. | |
| Summary, etc. | Precálculo sirve como un valioso curso introductorio para muchos estudiantes en las disciplinas de todo el plan de estudios universitario. Para algunos alumnos es la puerta de entrada a las matemáticas superiores requeridas en las carreras en ciencias, tecnología, ingeniería y matemáticas. Para otros, constituye el principal recurso necesario para entender las complejidades de un mundo moderno inmerso en estadísticas, estrategias de inversión, planeación financiera e incluso decisiones médicas. |
| 856 40 - ELECTRONIC LOCATION AND ACCESS | |
| Uniform Resource Identifier | <a href="https://resolver.vitalsource.com/9781456299231">https://resolver.vitalsource.com/9781456299231</a> |
| 942 ## - ADDED ENTRY ELEMENTS (KOHA) | |
| Koha item type | Recurso Electrónico |
| Withdrawn status | Lost status | Damaged status | Not for loan | Collection | Home library | Current library | Date acquired | Total checkouts | Date last seen | Price effective from | Koha item type |
|---|---|---|---|---|---|---|---|---|---|---|---|
| Colección McGraw Hill | Biblioteca Digital UIN | Biblioteca Digital UIN | 04/25/2025 | 04/25/2025 | 04/25/2025 | Recurso Electrónico |